000 01472nam2a22002531 4500
001 RU\NLR\INFOCOMM15\1000148937
005 20250617131351.0
035 _a(NLR Aleph) 002622685
090 _a3628721
_c3628721
100 _a20040818d1984 |||y0rusy50 ca
101 0 _arus
102 _aRU
105 _ay |||||||||
200 1 _aСовременное состояние и прогнозы развития техники "конторы будущего" в промышленно развитых капиталистических странах
_fИ.Р. Ильина и др.
210 _d1984
_aБ. м.
461 0 _1001RU\NLR\INFOCOMM15\1000148895
_12001#$aПриборы, средства автоматизации и системы управления$eОбзор. информ.$hТС-2$iСредства вычислительной техники и оргтехники$fЦНИИТЭИ приборостроения$v1984, Вып.2
_93628361
_cМ.
_d1971-
_fЦНИИТЭИ приборостроения
_hТС-2
_iСредства вычислительной техники и оргтехники
_oОбзор. информ.
_tПриборы, средства автоматизации и системы управления
_x0203-247
_v1984, Вып.2
700 1 _aИльина
_bИ.Р.
_4070
801 1 _aRU
_bInfoComm
_c20040818
801 0 _aRU
_bNLR
_gPSBO
852 _aNLR
_jП10/4176
942 _cISSUE
980 _aNB
980 _aRUSPER